000 00552nam a2200205Ia 4500
005 20260429111939.0
008 260429s9999||||xx |||||||||||||| ||und||
020 _a9789370442108
041 _aEnglish
082 _a539.7
_bSHR
100 _aShrivastava, Sarita
245 0 _aAtomic and molecular spectroscopy /
_cSarita Shrivastava
260 _aNew Delhi :
_bAsia Publishers,
_c2025.
300 _axi, 264 p.; hb
650 _a Atomic physics
650 _a Molecular physics
650 _a Spectroscopy
650 _aPhysics
942 _cTB
999 _c51567
_d51567